000 00589nam a2200205Ia 4500
003 OSt
005 20250212093508.0
008 210210b1985 xxu||||| |||| 00| 0 eng d
040 _cAL
041 _aKannada
082 _aK894.9 DHAN
100 _aDHARAVADAKARA (Ra Ya)
_d ಧಾರವಾಡಕರ (ರಾ ಯಾ)
_9182111
245 _aDr. Nandimatha nenapu.
_bಡಾ. ನಂದಿಮಠ ನೆನಪು.
260 _aDharavada
_bJagrata Bharata
_c1985
300 _a184
650 _aNandimatha
_9182112
690 _aKannada Criticism
_9182113
906 _a041162
942 _2ddc
_cBK
999 _c91065
_d91065